[Event "78th ch-BRA"]
[Site "Campinas BRA"]
[Date "2011.12.10"]
[Round "1"]
[White "Santiago,Y"]
[Black "Jatoba de Oliveira Reis,P"]
[Result "1-0"]
[WhiteTitle "FM"]
[BlackTitle "FM"]
[WhiteElo "2335"]
[BlackElo "2438"]
[WhiteFideId "2103877"]
[BlackFideId "2103290"]
[EventDate "2011.12.10"]

1. e4 e6 2. d4 d5 3. Nc3 Bb4 4. e5 Ne7 5. a3 Bxc3+ 6. bxc3 b6 7. Nf3 Ba6 8. Bxa6
Nxa6 9. Qe2 Nb8 10. a4 Qc8 11. O-O Qa6 12. Qe3 Nf5 13. Qf4 Qe2 14. g4 Nh6 15.
Bd2 Nc6 16. Rfe1 Qc4 17. Qg5 Rg8 18. Nh4 Kd7 19. Ng2 Ne7 20. Ne3 Qc6 21. f4 Raf8
22. c4 f6 23. exf6 Rxf6 24. Bb4 Nf7 25. Qh5 Nd6 26. Qxh7 Rh6 27. Qd3 dxc4 28.
Qe2 Rgh8 29. Nf1 Nd5 30. Bd2 c3 31. Bc1 Qc4 32. Qxc4 Nxc4 33. f5 Rh4 34. fxe6+
Kd6 35. h3 Rxh3 36. Bg5 Nd2 37. e7 Nf3+ 38. Kg2 Nxg5 39. e8=Q Nf4+ 40. Kg1 Rh1+
41. Kf2 Ngh3+ 42. Kf3 Rxf1+ 43. Rxf1 Rxe8 44. Rae1 Ne6 45. Kg3 Nhg5 46. d5 Kxd5
47. Rf5+ Kd6 48. Rxg5 Nxg5 49. Rxe8 Ne6 50. Kf2 a5 51. Ke3 Nc5 52. Rg8 Nxa4 53.
Rxg7 Nc5 54. Rf7 b5 55. g5 Ne6 56. g6 a4 57. g7 Nxg7 58. Rxg7 Kc5 59. Rxc7+ Kb4
60. Kd3 Ka3 61. Rb7 b4 62. Rb8 1-0

[Event "78th ch-BRA"]
[Site "Campinas BRA"]
[Date "2011.12.11"]
[Round "2"]
[White "Mecking,H"]
[Black "Santiago,Y"]
[Result "1-0"]
[WhiteTitle "GM"]
[BlackTitle "FM"]
[WhiteElo "2590"]
[BlackElo "2335"]
[WhiteFideId "2100010"]
[BlackFideId "2103877"]
[EventDate "2011.12.10"]

1. d4 d5 2. c4 e6 3. Nc3 Nf6 4. cxd5 exd5 5. Bg5 c6 6. e3 Be7 7. Bd3 O-O 8. Qc2
Nbd7 9. Nge2 b6 10. O-O Bb7 11. Rad1 Re8 12. Bh4 Nf8 13. f3 Ng6 14. Bf2 b5 15.
Ng3 Bf8 16. h3 Nd7 17. e4 Nf4 18. exd5 Nxd3 19. Qxd3 b4 20. dxc6 Bxc6 21. d5 Ne5
22. Qc2 Bd7 23. Nce2 Rc8 24. Qb1 Qa5 25. b3 Qa6 26. Nd4 Ng6 27. Ndf5 Bb5 28.
Rfe1 Rxe1+ 29. Bxe1 Nf4 30. d6 Nd3 31. Ne4 Nxe1 32. Rxe1 Rd8 33. Qc1 h6 34. Ne7+
Bxe7 35. dxe7 Re8 36. Qc5 Be2 37. Kf2 Bb5 38. Nd6 Qxa2+ 39. Kg1 Qd2 40. Re4 f5
41. Qxb5 Qc1+ 42. Kh2 1-0

[Event "78th ch-BRA"]
[Site "Campinas BRA"]
[Date "2011.12.11"]
[Round "2"]
[White "Vescovi,G"]
[Black "Barbosa,Ev"]
[Result "0-1"]
[WhiteTitle "GM"]
[BlackTitle "IM"]
[WhiteElo "2637"]
[BlackElo "2412"]
[WhiteFideId "2100789"]
[BlackFideId "2115824"]
[EventDate "2011.12.10"]

1. d4 Nf6 2. c4 g6 3. Nc3 d5 4. Bf4 Bg7 5. Rc1 Nh5 6. Bd2 dxc4 7. e3 Be6 8. Nf3
c6 9. Ng5 Bd5 10. e4 h6 11. exd5 hxg5 12. Bxc4 Nf4 13. Qf3 cxd5 14. Nxd5 Nc6 15.
Nxf4 gxf4 16. Bxf4 O-O 17. O-O Qxd4 18. b3 Rad8 19. Be3 Qf6 20. Qxf6 Bxf6 21.
Rfd1 Bb2 22. Rb1 Bd4 23. Bh6 Bg7 24. Bg5 Bf6 25. Bh6 Bg7 26. Bg5 Bf6 27. Bxf6
exf6 28. f4 Nd4 29. Kf2 Rd6 30. Rd2 Rfd8 31. Rbd1 Kf8 32. g4 b5 33. Bf1 b4 34.
h4 Ke7 35. Re1+ Kf8 36. Red1 Ke7 37. Bc4 f5 38. g5 Kf8 39. Rd3 Ke7 40. R1d2 Kf8
41. Rd1 Ke7 42. Re1+ Ne6 43. Rxd6 Rxd6 44. Re5 Rd2+ 45. Kg3 Rxa2 46. h5 gxh5 47.
g6 Kf6 48. gxf7 Nf8 49. Bd3 Kxf7 50. Rxf5+ Kg7 51. Rxh5 a5 52. Rg5+ Kf6 53. Rf5+
Ke7 54. Bb5 Ne6 55. Rd5 Rc2 56. Rd7+ Kf6 57. Rd6 Ke7 58. Rd7+ Kf6 0-1

[Event "78th ch-BRA"]
[Site "Campinas BRA"]
[Date "2011.12.11"]
[Round "2"]
[White "Dos Santos,H"]
[Black "Matsuura,E"]
[Result "0-1"]
[WhiteTitle "FM"]
[BlackTitle "GM"]
[WhiteElo "2250"]
[BlackElo "2487"]
[WhiteFideId "2100460"]
[BlackFideId "2100169"]
[EventDate "2011.12.10"]

1. d4 d5 2. Nf3 Nf6 3. Bf4 c5 4. e3 Nc6 5. c3 Qb6 6. Qb3 c4 7. Qc2 Bf5 8. Qc1
Nh5 9. Bg5 h6 10. Bh4 g5 11. Bg3 Nxg3 12. hxg3 Bg7 13. Nbd2 e6 14. Be2 Qc7 15.
b3 cxb3 16. axb3 O-O 17. O-O Bg6 18. Qa3 Qe7 19. b4 a6 20. Qb2 e5 21. dxe5 Nxe5
22. Nd4 Rac8 23. Ra5 Nc6 24. Rxd5 Nxd4 0-1

[Event "78th ch-BRA"]
[Site "Campinas BRA"]
[Date "2011.12.12"]
[Round "3"]
[White "Barbosa,Ev"]
[Black "Dos Santos,H"]
[Result "1/2-1/2"]
[WhiteTitle "IM"]
[BlackTitle "FM"]
[WhiteElo "2412"]
[BlackElo "2250"]
[WhiteFideId "2115824"]
[BlackFideId "2100460"]
[EventDate "2011.12.10"]

1. e4 e5 2. Nf3 Nc6 3. Bb5 f5 4. Bxc6 dxc6 5. Nc3 Nf6 6. Qe2 fxe4 7. Nxe4 Bf5 8.
d3 Bxe4 9. dxe4 Bd6 10. Qc4 Qe7 11. Bg5 h6 12. Bh4 g5 13. Bg3 Nh5 14. O-O-O Rf8
15. Qe2 Nf4 16. Bxf4 Rxf4 17. Kb1 O-O-O 18. Ne1 Qh7 19. f3 g4 20. Nd3 gxf3 21.
gxf3 Rff8 22. Rhf1 Rde8 23. Ne1 Bc5 24. Ng2 Qe7 25. Qe1 Rd8 26. Qg3 b6 27. Nh4
Rxd1+ 28. Rxd1 Rd8 29. Rc1 Be3 30. Nf5 Qg5 31. Nxe3 Qxe3 32. Qxe5 Qxf3 33. Qe6+
Kb7 34. e5 Qh5 35. Qf6 Rd2 36. b3 Re2 37. e6 Qxh2 38. e7 Qd6 39. Qxd6 cxd6 40.
Rh1 Rxe7 41. Rxh6 Kc7 42. a4 a5 43. Kb2 b5 44. axb5 cxb5 45. Rh5 Kc6 46. Rh8 Ra7
47. Rc8+ Kb7 48. Rh8 Ra6 49. Rg8 a4 50. bxa4 bxa4 51. Ka3 Rc6 52. Rg6 Kc7 53.
Rg7+ Kd8 54. Kxa4 Rxc2 55. Kb3 Rc5 56. Kb4 Rc6 57. Kb5 Rc1 58. Kb4 1/2-1/2

[Event "78th ch-BRA"]
[Site "Campinas BRA"]
[Date "2011.12.12"]
[Round "3"]
[White "Leitao,R"]
[Black "Vescovi,G"]
[Result "1/2-1/2"]
[WhiteTitle "GM"]
[BlackTitle "GM"]
[WhiteElo "2626"]
[BlackElo "2637"]
[WhiteFideId "2101246"]
[BlackFideId "2100789"]
[EventDate "2011.12.10"]

1. d4 d5 2. c4 c6 3. Nf3 Nf6 4. e3 Bf5 5. Nc3 e6 6. Nh4 Bg6 7. Be2 Nbd7 8. g3
Bd6 9. O-O Qe7 10. Bd2 O-O 11. Nxg6 hxg6 12. c5 Bc7 13. b4 e5 14. b5 Rfe8 15.
Rb1 Qe6 16. bxc6 bxc6 17. Rb7 Bb8 18. f4 exd4 19. exd4 Nf8 20. Re1 a5 21. Bf3 1/2-1/2

[Event "78th ch-BRA"]
[Site "Campinas BRA"]
[Date "2011.12.12"]
[Round "3"]
[White "Fier,A"]
[Black "El Debs,F"]
[Result "1-0"]
[WhiteTitle "GM"]
[BlackTitle "GM"]
[WhiteElo "2573"]
[BlackElo "2477"]
[WhiteFideId "2107139"]
[BlackFideId "2106981"]
[EventDate "2011.12.10"]

1. d4 d5 2. c4 c6 3. Nf3 Nf6 4. Nc3 dxc4 5. a4 e6 6. e4 Bb4 7. e5 Nd5 8. Bd2 b5
9. axb5 Bxc3 10. bxc3 cxb5 11. Ng5 Nc6 12. Qh5 Qe7 13. Be2 b4 14. O-O bxc3 15.
Bc1 h6 16. Ne4 O-O 17. Bg5 Qc7 18. Nf6+ gxf6 19. exf6 Nxf6 20. Bxf6 Qf4 21. Qf3
Qxf3 22. Bxf3 Bd7 23. Rfc1 Rab8 24. Rxc3 Rb3 25. Rxc4 Rfb8 26. h3 Rb1+ 27. Rc1
Rxc1+ 28. Rxc1 Rc8 29. Rc5 Kf8 30. Rh5 Ne7 31. Rxh6 Ng8 32. Rh8 Bc6 33. Bxc6
Rxc6 34. h4 1-0

[Event "78th ch-BRA"]
[Site "Campinas BRA"]
[Date "2011.12.12"]
[Round "3"]
[White "Jatoba de Oliveira Reis,P"]
[Black "Mecking,H"]
[Result "1/2-1/2"]
[WhiteTitle "FM"]
[BlackTitle "GM"]
[WhiteElo "2438"]
[BlackElo "2590"]
[WhiteFideId "2103290"]
[BlackFideId "2100010"]
[EventDate "2011.12.10"]

1. c4 Nf6 2. g3 g6 3. Bg2 d5 4. cxd5 Nxd5 5. Nc3 Nb6 6. d3 Bg7 7. Be3 e5 8. Qd2
O-O 9. Bh6 Qe7 10. h4 Bxh6 11. Qxh6 f6 12. Rc1 c6 13. Nf3 Bg4 14. O-O Na6 15.
Rfd1 Rad8 16. a3 Nc5 17. Nd2 Nba4 18. Nxa4 Nxa4 19. f3 Be6 20. Rc2 Nc5 21. Rdc1
Nb3 22. Nxb3 Bxb3 23. Rc3 Bd5 24. Qe3 a5 25. Qc5 1/2-1/2

[Event "Rapport-Ragger Match"]
[Site "Szombathely HUN"]
[Date "2011.12.06"]
[Round "8"]
[White "Ragger,M"]
[Black "Rapport,R"]
[Result "1-0"]
[WhiteTitle "GM"]
[BlackTitle "GM"]
[WhiteElo "2662"]
[BlackElo "2534"]
[WhiteFideId "1610856"]
[BlackFideId "738590"]
[EventDate "2011.11.29"]

1. d4 d5 2. c4 c6 3. e3 Nf6 4. Nc3 g6 5. Nf3 Bg7 6. Be2 O-O 7. O-O a6 8. Qb3
dxc4 9. Bxc4 b5 10. Be2 Bf5 11. Ng5 c5 12. e4 cxd4 13. exf5 dxc3 14. fxg6 hxg6
15. Qxc3 Ra7 16. Qh3 Qc8 17. Qh4 Nbd7 18. a4 bxa4 19. Rxa4 Qc2 20. Rxa6 Rxa6 21.
Bxa6 Ra8 22. Qc4 Qxc4 23. Bxc4 Ne5 24. Be2 Nd5 25. Rd1 e6 26. Ne4 Nc6 27. Kf1
Rb8 28. Bc4 Nb6 29. Bb5 Nd4 30. Bf4 Ra8 31. Bd3 Nd5 32. Bg5 f5 33. Nc3 Rb8 34.
Bc4 Rxb2 35. Nxd5 exd5 36. Bxd5+ Kh7 37. g3 Rb5 38. Bg2 Be5 39. Be3 Rb4 40. Bd5
Nc2 41. Bg5 Rd4 42. Rxd4 Nxd4 43. f4 Bg7 44. Ke1 Nb5 45. Kd2 Bd4 46. Kd3 Bg1 47.
h3 Nd6 48. Bf6 Bf2 49. Be5 Ne8 50. g4 fxg4 51. hxg4 Bc5 52. Kc4 Be7 53. Bc6 Nf6
54. g5 Nh5 55. Be4 Ng7 56. Kd5 Ba3 57. Kc6 Bc1 58. Kd7 Nh5 59. f5 gxf5 60. Bxf5+
Kg8 61. Be6+ Kh7 62. Bf5+ Kg8 63. g6 Ng7 64. Be4 Kh8 65. Ke7 Kg8 66. Bd5+ Kh8
67. Bf3 Kg8 68. Kf6 Bd2 69. Bd5+ Kh8 70. Be6 Bg5+ 71. Kf7 Bf6 72. Kxf6 1-0

[Event "Snowdrops vs Oldhands"]
[Site "Prague CZE"]
[Date "2011.12.08"]
[Round "5"]
[White "Muzychuk,M"]
[Black "Vaganian,R"]
[Result "1/2-1/2"]
[WhiteTitle "IM"]
[BlackTitle "GM"]
[WhiteElo "2460"]
[BlackElo "2577"]
[WhiteTeam "Snowdrops"]
[BlackTeam "Oldhands"]
[WhiteFideId "14114550"]
[BlackFideId "13300016"]
[EventDate "2011.12.03"]

1. e4 e6 2. d4 d5 3. Nc3 Nf6 4. Bg5 Be7 5. e5 Nfd7 6. Bxe7 Qxe7 7. f4 a6 8. Nf3
c5 9. Qd2 Nc6 10. dxc5 Nxc5 11. O-O-O b5 12. Bd3 b4 13. Ne2 O-O 14. h4 b3 15.
axb3 Nb4 16. Ned4 Ncxd3+ 17. cxd3 a5 18. Nc2 d4 19. Nfxd4 Bb7 20. Qe3 Bd5 21.
Rd2 a4 22. bxa4 Rxa4 23. Kd1 Ra2 24. Ke2 Rxb2 25. Nxb4 Qxb4 26. Nf3 Ra8 27. Rd1
Rxd2+ 28. Rxd2 Ra4 29. g3 h6 30. Ne1 Qb1 31. Kf2 g6 32. Rc2 Kg7 33. Qc1 Qb4 34.
Qd2 Qb6+ 35. Qe3 Qb1 36. Qc1 Qb6+ 37. Qe3 1/2-1/2

[Event "61st ch-GRE 2011"]
[Site "Chania GRE"]
[Date "2011.12.06"]
[Round "10"]
[White "Aggelis,N"]
[Black "Nikolaidis,I"]
[Result "1/2-1/2"]
[WhiteTitle "FM"]
[BlackTitle "GM"]
[WhiteElo "2310"]
[BlackElo "2554"]
[WhiteFideId "4213220"]
[BlackFideId "4202139"]
[EventDate "2011.11.27"]

1. Nf3 c5 2. g3 g6 3. Bg2 Bg7 4. d4 Qb6 5. dxc5 Qxc5 6. O-O d6 7. Nc3 Nf6 8. Bg5
Nbd7 9. Qd2 O-O 10. Rad1 a6 11. h3 Qc7 12. Rfe1 Nb6 13. e4 Nc4 14. Qc1 e6 15.
Nd2 Nb6 16. Nb3 e5 17. Na5 Be6 18. Qd2 Rfd8 19. Kh2 Nbd7 20. Nb3 Nb6 21. Na5
Nbd7 22. Nb3 Nb6 1/2-1/2

[Event "61st ch-GRE 2011"]
[Site "Chania GRE"]
[Date "2011.12.06"]
[Round "10"]
[White "Nikolaou,G"]
[Black "Galopoulos,N"]
[Result "0-1"]
[WhiteElo "2233"]
[BlackElo "2379"]
[WhiteFideId "4203801"]
[BlackFideId "4208951"]
[EventDate "2011.11.27"]

1. Nf3 Nf6 2. g3 d5 3. Bg2 e6 4. O-O Be7 5. b3 O-O 6. Bb2 c5 7. c4 d4 8. e3 Nc6
9. exd4 cxd4 10. Re1 h6 11. a3 a5 12. d3 Qb6 13. Ne5 Nxe5 14. Rxe5 Bd7 15. Nd2
Bc6 16. Nf3 Nd7 17. Bxd4 Bxf3 18. Bxb6 Bxd1 19. Rb5 Nxb6 20. Rxd1 Nd7 21. Rxb7
Rad8 22. b4 axb4 23. axb4 Bf6 24. f4 Bd4+ 25. Kf1 Nf6 26. Ke2 Rb8 27. b5 Rxb7
28. Bxb7 Rd8 29. Rb1 Nd7 30. Bc6 Nc5 31. b6 Kf8 32. b7 Rb8 33. g4 Ke7 34. f5 Kd6
35. Bg2 exf5 36. gxf5 Kc7 37. Bd5 Nxb7 38. Bxf7 Rf8 39. Bg6 Nd6 40. Kf3 Ra8 41.
Re1 Ra3 42. Kf4 Bf6 43. Rd1 Kb6 44. Bh5 Kc5 45. Bf3 Kd4 46. Be4 Be5+ 47. Kg4
Nxe4 48. dxe4+ Kxe4 49. Re1+ Re3 50. Rxe3+ Kxe3 51. f6 Bxf6 52. c5 g6 53. c6 h5+ 0-1

[Event "61st ch-GRE 2011"]
[Site "Chania GRE"]
[Date "2011.12.07"]
[Round "11"]
[White "Moutousis,K"]
[Black "Nikolaou,G"]
[Result "1-0"]
[WhiteTitle "IM"]
[WhiteElo "2438"]
[BlackElo "2233"]
[WhiteFideId "4200071"]
[BlackFideId "4203801"]
[EventDate "2011.11.27"]

1. d4 Nf6 2. c4 g6 3. Nc3 Bg7 4. e4 d6 5. Be2 O-O 6. Bg5 h6 7. Be3 c5 8. d5 e6
9. dxe6 Bxe6 10. Qd2 Kh7 11. h4 Nc6 12. h5 g5 13. Nf3 Ne5 14. Nxe5 dxe5 15. Qc2
Rc8 16. f3 Ng8 17. Nd5 Ne7 18. O-O-O Nc6 19. Bxc5 Nd4 20. Bxd4 exd4 21. Kb1 b5
22. c5 Kh8 23. Bd3 Bxd5 24. exd5 Qxd5 25. Rc1 Rc7 26. c6 Rfc8 27. Be4 Qd6 28.
Qd3 a6 29. g4 Re8 30. Rc2 Be5 31. Rd1 Kg7 32. a3 Ree7 33. Qb3 Bf6 34. Rdc1 Re5
35. Qd3 a5 36. Rd1 Rc5 37. Rxc5 Qxc5 38. Rc1 Qe5 39. Qe2 b4 40. a4 d3 41. Bxd3
Qd4 42. Rc4 Qg1+ 43. Qf1 Qh2 44. Rc2 Qd6 45. Be4 b3 46. Rc4 Qh2 47. Qc1 Qf2 48.
Rc3 Qb6 49. Rc5 Qb4 50. Rc4 Qb6 51. Qe1 Re7 52. Qd2 Rc7 53. Bd5 Re7 54. Rc1 Rc7
55. Qd3 Rc8 56. Qxb3 Qc7 57. Rc5 Rb8 58. Rb5 Rxb5 59. Qxb5 Bd8 60. Qc4 Kf8 61.
Ka2 Ke8 62. Qe4+ Qe7 63. Qxe7+ Kxe7 64. Kb3 Kd6 65. Kc4 f6 66. Be4 Bb6 67. Kb5
Kc7 68. b4 axb4 69. Kxb4 Kd6 70. Kb5 Kc7 71. a5 Bf2 72. Bc2 Be1 73. Ba4 Bd2 74.
a6 Be3 75. Kc4 Kb6 76. Bb5 Bf4 77. Kd5 Bb8 78. Ke6 Kxb5 79. a7 1-0

[Event "61st ch-GRE 2011"]
[Site "Chania GRE"]
[Date "2011.12.07"]
[Round "11"]
[White "Nikolaidis,I"]
[Black "Kapnisis,S"]
[Result "1/2-1/2"]
[WhiteTitle "GM"]
[BlackTitle "GM"]
[WhiteElo "2554"]
[BlackElo "2510"]
[WhiteFideId "4202139"]
[BlackFideId "4203445"]
[EventDate "2011.11.27"]

1. d4 Nf6 2. c4 e6 3. Nf3 d5 4. g3 dxc4 5. Bg2 Nc6 6. Qa4 Nd7 7. Qxc4 Nb6 8. Qb5
a6 9. Qd3 e5 10. Nxe5 Nb4 11. Qd1 Qxd4 12. Qxd4 Nc2+ 13. Kd1 Nxd4 14. Be3 Nf5
15. Bxb6 cxb6 16. Nc3 Bc5 17. Nd3 Rb8 18. e3 O-O 19. Ke2 Re8 20. Rhc1 Bd7 21.
Kf1 Red8 22. Rd1 Bd6 23. Rd2 Bc6 24. Rad1 Re8 25. Nd5 b5 26. N5b4 Ne7 27. Bxc6
Nxc6 28. Nd5 Kf8 29. h4 Rbd8 30. N5f4 Be7 31. b3 g6 32. Ne1 Rxd2 33. Rxd2 Ne5
34. Nd5 Rd8 35. Ke2 Bd6 36. Nf6 h5 37. Nf3 Nc6 38. Nd5 Bc5 39. Ng5 Ba7 40. Nf3
Bc5 41. Rd3 Ba7 42. Nf4 Rb8 43. Ng5 Ke8 44. Nd5 Rd8 45. Kd2 Bb8 46. f4 Ba7 47.
Ne4 Kf8 48. Ng5 Bc5 49. Nf3 Kg7 50. Ng5 Ba7 51. Ne4 Kf8 52. Nf2 Kg7 53. Ne4 1/2-1/2

[Event "61st ch-GRE 2011"]
[Site "Chania GRE"]
[Date "2011.12.07"]
[Round "11"]
[White "Mastrovasilis,A"]
[Black "Aggelis,N"]
[Result "1/2-1/2"]
[WhiteTitle "GM"]
[BlackTitle "FM"]
[WhiteElo "2530"]
[BlackElo "2310"]
[WhiteFideId "4201990"]
[BlackFideId "4213220"]
[EventDate "2011.11.27"]

1. Nf3 Nf6 2. c4 g6 3. Nc3 d5 4. cxd5 Nxd5 5. g3 Bg7 6. Bg2 O-O 7. h4 c5 8. h5
Nc6 9. hxg6 hxg6 10. Ng5 Nf6 11. Bxc6 bxc6 12. Qa4 Qd4 13. Nf3 Qb4 14. Rh4 Qb6
15. Ne5 Qb8 16. Nd3 Nh5 17. Ne4 Rd8 18. Ndxc5 Qe5 19. e3 Qd5 20. Qb3 Bf5 21.
Qxd5 cxd5 22. g4 Bxe4 23. gxh5 Bf6 24. Rh2 gxh5 25. Nxe4 dxe4 26. Rxh5 Kg7 27.
Ke2 Rac8 28. Rb1 Rc2 29. Kd1 Rdc8 30. Rh1 Kg6 31. Ke2 Kf5 32. a4 a5 33. Rg1 Rb8
34. Rh1 Kg6 35. Rg1+ Kf5 36. Rh1 Kg6 37. f3 exf3+ 38. Kxf3 Rc4 39. d4 Rc2 40.
Rg1+ Bg5 41. Rg2 Rc4 42. Bd2 Rb3 43. Rbg1 f6 44. Bc3 Rxa4 45. Ke2 Rc4 46. Ra1
Rb5 47. Kd3 Rc8 48. Ra4 Kf7 49. Bxa5 e5 50. Bc3 exd4 51. exd4 Ke6 52. Ke4 Rd8
53. Ra6+ Rd6 54. Rxd6+ Kxd6 55. Kd3 Kd5 56. Rf2 Rb8 57. Rf5+ Ke6 58. Ra5 Bf4 59.
Ke4 Bg3 60. Ra6+ Ke7 61. Ra7+ Kd6 62. Ra6+ Ke7 63. d5 Be5 64. Ra7+ Kd6 65. Ra6+
Ke7 66. Bxe5 fxe5 67. Kxe5 Rxb2 68. Ra7+ Kd8 69. Ke6 Rd2 70. Rh7 Rd1 71. Kd6 Kc8
72. Rg7 Rd2 73. Rg1 Rd3 74. Rg8+ Kb7 75. Ke6 Kc7 76. Rg7+ Kc8 77. Kd6 Rd1 78.
Rg8+ Kb7 79. Rd8 Rh1 80. Re8 Rd1 81. Ke6 Kc7 82. Re7+ Kc8 83. Rf7 Re1+ 84. Kd6
Rd1 85. Rf8+ Kb7 86. Re8 Rd2 87. Rd8 Rh2 88. Rf8 Rd2 89. Rf1 Kc8 90. Rc1+ Kd8
91. Kc6 Kc8 92. Rc4 Rd3 93. Rb4 Rd1 94. Rb6 Rd2 95. Ra6 Rc2+ 96. Kd6 Rd2 97.
Rc6+ Kd8 98. Rc3 Rd1 99. Rf3 Kc8 100. Rf8+ Kb7 101. Ke6 Kc7 1/2-1/2

[Event "61st ch-GRE 2011"]
[Site "Chania GRE"]
[Date "2011.12.07"]
[Round "11"]
[White "Pavlidis,Ant"]
[Black "Pavlidis,Ana"]
[Result "1-0"]
[WhiteTitle "IM"]
[BlackTitle "FM"]
[WhiteElo "2414"]
[BlackElo "2352"]
[WhiteFideId "4212312"]
[BlackFideId "4208404"]
[EventDate "2011.11.27"]

1. e4 c5 2. Nf3 d6 3. d4 cxd4 4. Nxd4 Nf6 5. Nc3 g6 6. Be3 Bg7 7. f3 Nc6 8. Qd2
O-O 9. Bc4 Bd7 10. O-O-O Rc8 11. Bb3 Ne5 12. Kb1 Re8 13. h4 h5 14. Bh6 Nc4 15.
Bxc4 Rxc4 16. Bxg7 Kxg7 17. g4 hxg4 18. h5 Rh8 19. hxg6 fxg6 20. f4 Rxh1 21.
Rxh1 Kf7 22. Qd3 Rc5 23. e5 dxe5 24. Ne4 exd4 25. Nxc5 Bf5 26. Qd1 Qd5 27. Nd3
Nh5 28. Re1 Nf6 29. Re5 Qf3 30. Qe1 Be4 31. Nf2 Qg3 32. a3 e6 33. Qd2 Qg1+ 34.
Ka2 Bd5+ 35. b3 g3 36. Nh3 Qh2 37. Ng5+ Kg7 38. Re2 g2 39. Qb4 Qxf4 40. Rxg2 Ng8
41. c4 Qf1 42. Rd2 Qf6 43. cxd5 Qxg5 44. d6 1-0

[Event "XVII Navalmoral Open"]
[Site "Navalmoral de la Mata ESP"]
[Date "2011.12.03"]
[Round "1"]
[White "Korneev,O"]
[Black "Vila Dupla,A"]
[Result "1-0"]
[WhiteTitle "GM"]
[BlackTitle "FM"]
[WhiteElo "2608"]
[BlackElo "2198"]
[WhiteFideId "4156803"]
[BlackFideId "2203383"]
[EventDate "2011.12.03"]

1. e4 c5 2. Nf3 d6 3. d4 cxd4 4. Nxd4 Nf6 5. Nc3 g6 6. Be3 Bg7 7. f3 O-O 8. Qd2
Nc6 9. O-O-O Nxd4 10. Bxd4 Qa5 11. Kb1 Rd8 12. Bc4 Be6 13. Bb3 Bxb3 14. cxb3 Ne8
15. Bxg7 Kxg7 16. h4 h6 17. g4 Nc7 18. Qd4+ Qe5 19. Qe3 d5 20. Rd4 dxe4 21. Rxe4
Qd6 22. Rxe7 Re8 23. Rxe8 Rxe8 24. Ne4 Qe6 25. g5 hxg5 26. Rc1 Nb5 27. a4 1-0

[Event "XVII Navalmoral Open"]
[Site "Navalmoral de la Mata ESP"]
[Date "2011.12.03"]
[Round "1"]
[White "Gallardo Fernandez,C"]
[Black "Peralta,Fe"]
[Result "0-1"]
[BlackTitle "GM"]
[WhiteElo "2190"]
[BlackElo "2590"]
[WhiteFideId "2225280"]
[BlackFideId "105309"]
[EventDate "2011.12.03"]

1. e4 d6 2. d4 Nf6 3. Nc3 g6 4. Bg5 Bg7 5. e5 Nfd7 6. exd6 cxd6 7. Nf3 Nf6 8.
Bc4 O-O 9. O-O Nc6 10. Qe2 Bg4 11. Rad1 Qb6 12. Bxf6 Bxf6 13. Nd5 Qxb2 14. Qe4
Bxf3 15. Nxf6+ exf6 16. Qxf3 Kg7 17. c3 Qb6 18. Rb1 Qc7 19. Bd5 Rac8 20. h4 h5
21. Rfe1 Rfe8 22. Kh2 b6 23. Rxe8 Rxe8 24. g3 Nb8 25. c4 f5 26. a4 Nd7 27. a5
Nf6 28. axb6 axb6 29. Bc6 Re6 30. Kg2 Ng4 31. Qc3 Re2 32. Rb2 Ne3+ 0-1

[Event "XVII Navalmoral Open"]
[Site "Navalmoral de la Mata ESP"]
[Date "2011.12.03"]
[Round "1"]
[White "Shanava,K"]
[Black "Iagar,R"]
[Result "1-0"]
[WhiteTitle "GM"]
[WhiteElo "2576"]
[BlackElo "2170"]
[WhiteFideId "13601784"]
[BlackFideId "1223976"]
[EventDate "2011.12.03"]

1. e4 e6 2. d4 d5 3. Nd2 c5 4. c3 Nc6 5. Ngf3 Nf6 6. Bd3 Be7 7. O-O O-O 8. dxc5
Bxc5 9. e5 Nd7 10. Nb3 Be7 11. Re1 b6 12. Nbd4 Bb7 13. Nxc6 Bxc6 14. Nd4 Bb7 15.
Qg4 Re8 16. Bh6 Bf8 17. Bg5 Be7 18. Bf4 a6 19. Re3 Nc5 20. Bxh7+ Kxh7 21. Rh3+
Kg8 22. Qh5 f6 23. Qh7+ Kf7 24. Rg3 Rg8 25. Qg6+ Kf8 26. Bh6 fxe5 27. Rf3+ Bf6
28. Nxe6+ Nxe6 29. Rxf6+ 1-0

[Event "XVII Navalmoral Open"]
[Site "Navalmoral de la Mata ESP"]
[Date "2011.12.03"]
[Round "1"]
[White "Ribeiro,Jos"]
[Black "Fier,A"]
[Result "0-1"]
[BlackTitle "GM"]
[WhiteElo "2091"]
[BlackElo "2573"]
[WhiteFideId "1901796"]
[BlackFideId "2107139"]
[EventDate "2011.12.03"]

1. d4 Nf6 2. Nf3 e6 3. c4 c5 4. g3 cxd4 5. Nxd4 Qc7 6. Nc3 a6 7. Qd3 Nc6 8. Nxc6
Qxc6 9. f3 Bc5 10. Bg5 O-O 11. Bxf6 gxf6 12. Ne4 Bb4+ 13. Kf2 Be7 14. Qc3 e5 15.
Bh3 d6 16. Bxc8 Raxc8 17. Rac1 f5 18. Nd2 Bg5 19. Rc2 Qb6+ 20. Kg2 d5 21. c5 Qe6
22. Nb3 f4 23. Na5 b6 24. Nb3 Rc6 25. Qd3 Rfc8 26. Rd1 d4 27. Qxa6 fxg3 28. hxg3
bxc5 29. Qc4 Qg6 30. Nd2 Kh8 31. Rh1 Bf4 32. Rh3 Rg8 33. Nf1 e4 34. Kh1 Bb8 35.
Qd5 exf3 36. exf3 Qxc2 37. Qxc6 Be5 38. Qh6 Bg7 39. Qd2 Qb1 40. Kg2 c4 0-1

[Event "XVII Navalmoral Open"]
[Site "Navalmoral de la Mata ESP"]
[Date "2011.12.03"]
[Round "1"]
[White "Perez Candelario,Man"]
[Black "Pena Torres,J"]
[Result "1-0"]
[WhiteTitle "GM"]
[WhiteElo "2558"]
[BlackElo "2073"]
[WhiteFideId "2210622"]
[BlackFideId "2206617"]
[EventDate "2011.12.03"]

1. Nf3 Nf6 2. g3 b6 3. Bg2 Bb7 4. O-O e6 5. d4 Be7 6. c4 O-O 7. Nc3 d5 8. cxd5
exd5 9. Bf4 Nbd7 10. Rc1 c5 11. dxc5 bxc5 12. Ne5 Nxe5 13. Bxe5 Nd7 14. Bf4 Nb6
15. Qc2 Qd7 16. Rfd1 Rfd8 17. h4 d4 18. Ne4 Rac8 19. a3 h6 20. h5 Nd5 21. Bd2
Qg4 22. Bf3 Qh3 23. Be1 f5 24. Nd2 Kh8 25. Qd3 Ba8 26. Nc4 Bg5 27. Rb1 Nf6 28.
Bxa8 Rxa8 29. Ne5 Ng4 30. Nxg4 Qxg4 31. b4 cxb4 32. Rxb4 f4 33. Qf3 Qxf3 34.
exf3 fxg3 35. fxg3 Rd7 36. f4 Be7 37. Rb3 Bc5 38. Rbd3 Rb8 39. Kg2 Kg8 40. Kf3
Kf7 41. g4 Rb2 42. Rc1 Be7 43. Rc4 Ra2 44. a4 Bf6 45. Bd2 g6 46. hxg6+ Kxg6 47.
Rc6 Kf7 48. Ra6 Rc2 49. f5 Bg5 50. Bxg5 hxg5 51. Rh6 Rc4 52. Rh7+ Ke8 53. Rxd7
Kxd7 54. Ke4 Ke7 55. Rxd4 Rc1 56. Ke5 Re1+ 57. Re4 Rc1 58. f6+ Kf7 59. Kf5 Rf1+
60. Kxg5 Rxf6 61. Rf4 Rxf4 62. Kxf4 Kf6 63. a5 a6 64. Ke4 Kg5 65. Kd5 Kxg4 66.
Kc6 Kf5 67. Kb7 Ke6 68. Kxa6 1-0

[Event "XVII Navalmoral Open"]
[Site "Navalmoral de la Mata ESP"]
[Date "2011.12.03"]
[Round "1"]
[White "De Lucas Bello,F"]
[Black "Guliyev,N"]
[Result "0-1"]
[BlackTitle "GM"]
[WhiteElo "2065"]
[BlackElo "2549"]
[WhiteFideId "2218259"]
[BlackFideId "13400363"]
[EventDate "2011.12.03"]

1. e4 c5 2. Nf3 d6 3. d4 cxd4 4. Nxd4 Nf6 5. Nc3 a6 6. Bg5 e6 7. f4 h6 8. Bh4
Qb6 9. Qd3 Qxb2 10. Rb1 Qa3 11. e5 dxe5 12. fxe5 g5 13. Bg3 Nh5 14. Be2 Nxg3 15.
hxg3 Nd7 16. Nxe6 fxe6 17. Bh5+ Kd8 18. Rf1 Bb4 19. Rb3 Qa5 20. Rf7 Qxe5+ 21.
Kf1 Be7 22. Bf3 Rf8 23. Rxf8+ Bxf8 24. Bxb7 Bxb7 25. Rxb7 Qf5+ 0-1